Dreamer : a novel /
Uložené v:
| Hlavný autor: | |
|---|---|
| Médium: | Kniha |
| Jazyk: | English |
| Vydané: |
New York :
Scribner Paperback Fiction,
1999
|
| Vydanie: | 1st ed. |
| Témy: | |
| ISBN: |
068481224X (brož.) |
| Fyzický popis: |
236 s. ; 21 cm |
| Tagy: |
Pridať tag
Žiadne tagy, Buďte prvý kto otaguje tento záznam!
|
Titul je dostupný aj v ... 

MARC
| LEADER | 00000nam a2200000 a 4500 | ||
|---|---|---|---|
| 001 | 000000038 | ||
| 005 | 20040422110907.0 | ||
| 008 | 040217s1999 xxu j engo | ||
| 020 | |a 068481224X (brož.) | ||
| 040 | |a SVKKK |b slo |c SVKKK |e AACR2 | ||
| 041 | 0 | |a eng | |
| 044 | |a xxu |c US | ||
| 072 | 7 | |a 821.111(73)-3 |x Americká próza |2 konspekt | |
| 080 | |a 821.111(73)-31 |2 1997 | ||
| 080 | |a (0:82-31) |2 1997 | ||
| 100 | 1 | |a Johnson, Charles Richard, |d 1948- |4 aut | |
| 245 | 1 | 0 | |a Dreamer : |b a novel / |c Charles Johnson |
| 250 | |a 1st ed. | ||
| 260 | |a New York : |b Scribner Paperback Fiction, |c 1999 | ||
| 300 | |a 236 s. ; |c 21 cm | ||
| 500 | |a Ilustr. na obálke | ||
| 655 | 7 | |a americké romány |2 SVKKKPH | |
| 655 | 7 | |a umelecká literatúra |2 SVKKKPH | |
| 919 | |a 0-684-81224-X | ||
| 998 | |a BK | ||
| 090 | |g SCKUS |k Americké centrum |a III.196165 |j 959459 |i 2720020309 |s Voľný výber | ||